000 00677nam a2200241 i 4500
001 C2-0333412
003 PPAK
005 20180728133419.0
008 150906s2015 nyua|||| ||||| | eng d
020 _a9780062220264
040 _aPPAK
_beng
_cPPAK
_erda
082 0 4 _a823
_223
090 0 0 _a823
_bMAC
_dK
100 1 _aMack, Jeff,
_eauthor
245 1 0 _aWho wants a hug?
264 1 _aNew York :
_bHarperCollins Publishers ,
_c2015
300 _a[pages not identified] :
_bcolour illustrations ;
_c29 cm
336 _2rdacontent
_atext
337 _2rdamedia
_aunmediated
338 _2rdacarrier
_avolume
650 1 0 _aChildren's stories, English.
942 _ddc
_cB
999 _c131946
_d131946